| 000 | 00469nam a2200157Ia 4500 | ||
|---|---|---|---|
| 003 | OSt | ||
| 005 | 20200708115348.0 | ||
| 008 | 190216s9999||||xx |||||||||||||| ||und|| | ||
| 040 | _coclc | ||
| 082 |
_a907.2 _bSUB/H |
||
| 100 |
_aSubrahmanian, N _92342 |
||
| 245 | 0 |
_aHistoriography And Historical Methods / _cN Subrahmanian |
|
| 260 |
_bEnnes Publications, _c1973. _aUdumalpet: |
||
| 300 | _a250p | ||
| 942 |
_cBK _2ddc _h907.2 _iSUB/H _k907.2 _mSUB/H |
||
| 999 |
_c20689 _d20689 |
||